| 000 | 00757nam a2200229Ia 4500 | ||
|---|---|---|---|
| 003 | GCL | ||
| 008 | 140319s9999 xx 000 0 ara d | ||
| 020 | _a9269279977 | ||
| 040 |
_aGCL / _cGCL |
||
| 082 | 0 | 4 |
_a270.9 _bك ص |
| 100 | 1 | _aكامل سعفان | |
| 245 | 1 | 0 |
_aالصليب سيفا وحرفا / _cكامل سعفان |
| 250 | _aالاولى | ||
| 260 |
_aالقاهرة : _bدار الامين للنشر والتوزيع ، _c2000 |
||
| 300 |
_a272 ص ؛ _c24 سم |
||
| 650 | 0 | 4 | _aالحروب الصليبية |
| 650 | 0 | 4 | _aالمسيحية - مصر |
| 650 | 0 | 4 | _aالمسيحية - تاريخ |
| 650 | 0 | 4 | _aمصر - تاريخ - الحملة الفرنسية (1798-1801م) |
| 650 | 0 | 4 | _aالمسيحية - فرق |
| 942 |
_2ddc _cBK |
||
| 999 |
_c32912 _d32912 |
||